Programas medioambientales con refugiados: ¿el fin del enfoque general? /

Enregistré dans:
Détails bibliographiques
Auteur principal: Grimsich, Greg
Autres auteurs: Owen, Matthew
Format: Texte
Sujets:
Tags: Ajouter un tag
Pas de tags, Soyez le premier à ajouter un tag!

MARC

LEADER 00000 a a2200000 04500
001 9725
003
040
100 |a Grimsich, Greg  
245 |a Programas medioambientales con refugiados:   |b ¿el fin del enfoque general? /  |c Greg Grimsich 
650 |a REFUGIADOS  
650 |a GESTION AMBIENTAL  
650 |a EDUCACION AMBIENTAL  
650 |a RECURSOS NATURALES  
650 |a MEDIO AMBIENTE  
650 |a TANZANIA  
700 |a Owen, Matthew  
773 |g número 3; páginas 8-10  
999 |c 21841  |d 21841